Представление документа в формате RUSMARC

ПолеНазваниеЗначение
  Тип записи a
  Библиографический уровень m
001 Контрольный номер LIBNET\0001530801
005 Дата корректировки 20260420145734.8
010 Индекс ISBN __
a ISBN 978-5-392-39247-6
9 Тираж 5000 экз.
b Уточнения в пер.
100 Данные общей обработки __
a Данные общей обработки 20260401d2025 u y0rusy0189 ca
101 Язык документа 0_
a Язык текста rus
102 Страна публикации __
a Страна публикации RU
105 Кодированные данные (монография) __
a Кодированные данные (монография) a z 000gy
200 Заглавие и сведения об ответственности 1_
a Заглавие Стихотворения (1828 - 1841)
e Сведения, относящиеся к заглавию подробный иллюстрированнный комментарий
e Сведения, относящиеся к заглавию учебное пособие
f Первые сведения об ответственности М. Ю. Лермонтов
g Последующие сведения об ответственности текст комментариев, подбор иллюстраций Ирины Киселевой
203 Вид содержания и тип средства __
a Вид содержания Текст
a Вид содержания Изображение
b Характеристика содержания визуальные
c Тип средства непосредственные
210 Выходные данные 1_
a Место издания Москва
c Издательство Проспект
d Дата издания 2025
215 Физическое описание __
a Объем 423 с.
c Иллюстрации/тип воспроизводства ил., цв. ил.
d Формат 24 см
225 Серия 1_
a Серия Книга в книге
320 Библиография __
a Библиография Библиогр. в подстроч. примеч.
333 Примечание о целевом назначении __
a Примечание о целевом назначении 12+
606 Тематические рубрики 0_
a Основная рубрика Русская литература
z Хронологическая подрубрика 19 в.
606 Тематические рубрики 0_
a Основная рубрика Стихи (х. л.)
610 Ключевые слова 0_
a Ключевые слова русская литература 19 в.; стихи русские 19 в.
686 Индексы других классификаций __
a Классификационный индекс 83.3(2=Рус)5-8
2 Код системы rubbk
686 Индексы других классификаций __
a Классификационный индекс 84Р1-5
2 Код системы rubbk
700 Автор _1
a Фамилия Лермонтов
b Имя (инициалы) М. Ю.
c Титул (звания) поэт
f Даты 1814-1841
g Полное личное имя Михаил Юрьевич
702 Вторичная интеллектуальная ответственность _1
a Фамилия Киселева
b Имя (инициалы) И. А.
g Полное личное имя Ирина Александровна
4 Код отношения 210
801 Источник записи _0
a Страна RU
b Организация РГБИ
g Правила каталогизации rcr
c Дата составления 20260213
801 Источник записи _1
a Страна RU
b Организация РГБИ
c Дата составления 20260213
801 Источник записи _2
a Страна RU
b Организация Ульяновская ОНБ
c Дата составления 20260401
g Правила каталогизации RCR
900 Электронные ресурсы __
a Имя электронного ресурса проспект20260010
900 Электронные ресурсы __
a Имя электронного ресурса проспект20260011
901 Тип документа __
t Тип документа m
909 Создатель записи __
a Создатель записи Макушик
b Дата создания записи 20260401
910 Корректоры записи __
a Корректор записи Пряхина
b Дата внесения изменения в запись 20260420